000 00726na a2200229 4500
001 19135
003 MIRAKIL
005 20181213155056.0
008 161208b tu 000 0
040 _aMilas
_btur
_cTR-AnCHP
041 _atur
082 _a378.16
_bT96 2006
090 _a378.16 T96 2006
245 _aTürkiye'de üniversiteye giriş sistemi
_cTürk Eğitim Derneği
260 _aAnkara
_bTürk Eğitim Derneği
_c2006
300 _a56 s.
_btbl.;
_c24 sm.
650 _aYüksek eğitim
_xEğitsel ölçüm
_zTürkiye
650 _aYüksek eğitim
_xÖğrenci yerleştirme
_zTürkiye
710 _aTürkiye Eğitim Derneği
810 _aÖğrenci Seçme ve Yerleştirme Merkezi (ÖSYM)
942 _2dcc
_cBKS
999 _c6094
_d6094